|
|
|
|
| LEADER |
01201nam a2200397 4500 |
| 001 |
DLU110120932 |
| 005 |
##20110509 |
| 008 |
##990402s2000 maua 001 0 eng |
| 010 |
# |
# |
|a 99072004
|
| 020 |
# |
# |
|a 0395958474 (student ed.)
|
| 020 |
# |
# |
|a 0395958482 (instructor's annotated ed.)
|
| 035 |
# |
# |
|9 (DLC) 99072004
|
| 040 |
# |
# |
|a DLC
|c DLC
|d DLC
|
| 082 |
# |
# |
|a 808.042
|b FA-S
|
| 100 |
# |
# |
|a Fawcett, Susan.
|
| 245 |
# |
# |
|a Evergreen :
|b with readings : a guide to writing /
|c Susan Fawcett, Alvin Sandberg.
|
| 250 |
# |
# |
|a 6th ed., Instructor's annotated ed.
|
| 260 |
# |
# |
|a Boston :
|b Houghton Mifflin,
|c c2000.
|
| 300 |
# |
# |
|a xlvii, 556 p. :
|b ill. ;
|c 28 cm.
|
| 500 |
# |
# |
|a Includes index.
|
| 650 |
# |
# |
|a College readers.
|
| 650 |
# |
# |
|a English language
|x Grammar
|v Problems, exercises, etc.
|
| 650 |
# |
# |
|a English language
|x Rhetoric
|v Problems, exercises, etc.
|
| 650 |
# |
# |
|a Report writing
|v Problems, exercises, etc.
|
| 700 |
# |
# |
|a Sandberg, Alvin.
|
| 923 |
# |
# |
|a 01/2011NN
|
| 991 |
# |
# |
|a SH
|
| 992 |
# |
# |
|a 0
|
| 994 |
# |
# |
|a KNN
|
| 900 |
# |
# |
|a True
|
| 911 |
# |
# |
|a Đào Thị Thu Huyền
|
| 925 |
# |
# |
|a G
|
| 926 |
# |
# |
|a A
|
| 927 |
# |
# |
|a SH
|
| 980 |
# |
# |
|a Thư viện Trường Đại học Đà Lạt
|